Peaky Blinders Characters Quiz (by Picture) - Statistics

General Stats
  • This quiz has been taken 932 times
  • The average score is 13 of 18
Answer Stats
Picture Answer % Correct
Thomas Shelby
100%
Arthur Shelby
97%
John Shelby
91%
Polly Gray
87%
Ada Thorne
84%
Finn Shelby
83%
Grace Shelby
80%
Michael Gray
80%
Billy Kimber
67%
Alfie Solomons
66%
Freddie Thorne
63%
Esme Shelby
62%
Lizzie Stark
62%
Luca Changretta
59%
Inspector Campbell
58%
Winston Churchill
56%
May Carleton
38%
Father Hughes
27%
No matching quizzes found
Score Distribution
Percent of People with Each Score
Percentile by Number Answered
Your Score History
You have not taken this quiz